[Event "MEX-ch U26"]
[Site "Merida"]
[Date "2019.05.15"]
[Round "4"]
[White "Perez Vega, Luis Gabriel"]
[Black "Montes Cervantes, Rodrigo"]
[Result "0-1"]
[WhiteElo "1765"]
[BlackElo "2063"]
[PlyCount "82"]
[EventDate "2019.05.12"]
[EventType "swiss"]
[EventRounds "6"]
[EventCountry "MEX"]
[SourceTitle "EXT 2020"]
[Source "ChessBase"]
[SourceDate "2019.10.17"]
[SourceVersion "1"]
[SourceVersionDate "2019.10.17"]
[SourceQuality "1"]

1. Nf3 Nf6 2. d4 d5 3. g3 e6 4. Bg2 b5 5. a4 b4 6. c3 bxc3 7. bxc3 Ba6 8. 0-0 Nbd7 9. Nbd2 Be7 10. c4 c5 11. Ne5 Rc8 12. cxd5 Nxe5 13. dxe5 Nxd5 14. Ne4 0-0 15. Bb2 Rb8 16. Rb1 Qa5 17. Qc2 Rb4 18. Nc3 Rc4 19. Rfc1 Rb8 20. Qd1 Nb4 21. Qd7 Bf8 22. Qxa7 Rd8 23. h4 Rcd4 24. Ne4 R8d7 25. Rxc5 Bxc5 26. Qxc5 Qxc5 27. Nxc5 Rd1+ 28. Rxd1 Rxd1+ 29. Kh2 Bxe2 30. Bb7 Nd3 31. Nxd3 Bxd3 32. Bc6 Rd2 33. Bd4 Ra2 34. Bb6 f6 35. exf6 gxf6 36. Kg2 Kf7 37. a5 Bc4 38. Kf3 e5 39. Bb7 Ra1 40. Ke4 Ke7 41. Kf5 Ra4 0-1

[Event "MEX-ch U26"]
[Site "Merida"]
[Date "2019.05.12"]
[Round "1"]
[White "Quiroga Garza, Juan Manuel"]
[Black "Perez Vega, Luis Gabriel"]
[Result "1-0"]
[WhiteElo "2139"]
[BlackElo "1765"]
[PlyCount "85"]
[EventDate "2019.05.12"]
[EventType "swiss"]
[EventRounds "6"]
[EventCountry "MEX"]
[SourceTitle "EXT 2020"]
[Source "ChessBase"]
[SourceDate "2019.10.17"]
[SourceVersion "1"]
[SourceVersionDate "2019.10.17"]
[SourceQuality "1"]

1. e4 e6 2. d4 d5 3. Nc3 dxe4 4. Nxe4 Nd7 5. Nf3 Ngf6 6. Ng3 c5 7. c3 Qc7 8. Bd3 b6 9. Qe2 Bb7 10. 0-0 Be7 11. Re1 0-0 12. Bg5 Rfe8 13. Ne5 Nxe5 14. dxe5 Nd5 15. Bd2 Rad8 16. Rad1 Rd7 17. f4 Bf8 18. Ne4 Red8 19. Bc2 Qc6 20. Bc1 c4 21. Rf1 b5 22. Rde1 b4 23. Rf3 b3 24. Bb1 bxa2 25. Bxa2 Nb6 26. Bb1 Kh8 27. Rh3 h6 28. Qc2 Qa4 29. Ng5 Qxc2 30. Bxc2 g6 31. Nf3 Bc5+ 32. Kf1 Kg7 33. f5 gxf5 34. Bxh6+ Kg6 35. Bf4 Nd5 36. Nh4+ Kg7 37. Rg3+ Kh7 38. Bc1 Rg8 39. Rh3 Kg7 40. Nxf5+ exf5 41. Bxf5 Rc7 42. Bh6+ Kh8 43. Bf8# 1-0